000 00584nam a2200217 a 4500
001 ASIN0198084560
003 OSt
005 20150408114143.0
008 130927s2012 xxu eng d
020 _a9788171339938
040 _aMa-Un
082 0 4 _a572.8633
100 1 _aRana S V S.
_937949
245 1 0 _aBiotechniques :
_bTheory and Practice /
_cRana S V S.
250 _a3rd. ed.
260 _aNew Delhi:
_bRASTOGI PUBLICATIONS
_c2012.
300 _a364 p. ;
_c25 cm.
650 0 _aNucleotide sequence
_94843
650 0 _aMolecular cloning
_918623
942 _2ddc
_cBOOK
999 _c31335
_d265835